|
|
|
|
| LEADER |
00000cam a2200000 7i4500 |
| 001 |
0000073419 |
| 005 |
20170531.0 |
| 008 |
170531 |
| 020 |
|
|
|a 8171818668
|
| 090 |
0 |
0 |
|a CT
|b ENG
|
| 100 |
1 |
|
|a Riehecky,Janet
|
| 245 |
1 |
0 |
|a Thumbelina
|c Janet Riehecky
|
| 260 |
|
|
|a New delhi :
|b Learners press pvt.ltd. ,
|c 2002
|
| 490 |
1 |
|
|a Classic tales
|
| 999 |
|
|
|a 0000001619
|b Book
|c Children Collection
|e Cawangan Taman Universiti
|
| 999 |
|
|
|a 0000001620
|b Book
|c Children Collection
|e Cawangan Taman Universiti
|
| 999 |
|
|
|a 0001045692
|b Book
|c Children Collection
|e Cawangan Pontian
|
| 999 |
|
|
|a 0001076758
|b Book
|c Children Collection
|e Cawangan Taman Universiti
|
| 999 |
|
|
|a 0001076759
|b Book
|c Children Collection
|e Cawangan Pontian
|
| 999 |
|
|
|a 0001076760
|b Book
|c Children Collection
|e Cawangan Pontian
|